Govt. of
Madhya Pradesh

THE POWER OF DAILY PRACTICE (Record no. 67551)

MARC details
000 -LEADER
fixed length control field 00259nam a22001097a 4500
082 ## - DEWEY DECIMAL CLASSIFICATION NUMBER
Classification number 150/MAI
100 ## - MAIN ENTRY--AUTHOR NAME
Personal name Maisel, Eric
245 ## - TITLE STATEMENT
Title THE POWER OF DAILY PRACTICE
260 ## - PUBLICATION, DISTRIBUTION, ETC. (IMPRINT)
Place of publication Mumbai
Year of publication 2022
650 ## - SUBJECT ADDED ENTRY--TOPICAL TERM
Topical Term Philosophy
942 ## - ADDED ENTRY ELEMENTS (KOHA)
Koha item type Books
260 ## - PUBLICATION, DISTRIBUTION, ETC. (IMPRINT)
-- Jaico Publishing House
Holdings
Withdrawn status Lost status Damaged status Not for loan Home library Current library Date acquired Cost, normal purchase price Full call number Accession Number Price effective from Koha item type
        MACL MACL 23/10/2024 399.00 150/MAI DPI002904 23/10/2024 Books